50 Jahre KPD (Opposition) 30.12.1928 - 30.12.1978 (Record no. 9469)

MARC details
000 -CABECERA
campo de control de longitud fija 00858nam a2200253 a 4500
001 - NÚMERO DE CONTROL
campo de control BRL_657
005 - FECHA Y HORA DE LA ÚLTIMA TRANSACCIÓN
campo de control 20190320210835.0
008 - DATOS DE LONGITUD FIJA--INFORMACIÓN GENERAL
campo de control de longitud fija 230913s1978----gw-ao#####---#000-0#ger-#
020 ## - NÚMERO INTERNACIONAL ESTÁNDAR DEL LIBRO
Número Internacional Estándar del Libro 388209009X
041 ## - CÓDIGO DE LENGUA
Código de lengua del texto/banda sonora o título independiente ger
044 ## - CÓDIGO DEL PAÍS DE LA ENTIDAD EDITORA/PRODUCTORA
Código MARC del país gw
050 #4 - SIGNATURA TOPOGRÁFICA DE LA BIBLIOTECA DEL CONGRESO
Número de clasificación JN3201
Número de documento/Ítem .B47 1978
100 1# - ENTRADA PRINCIPAL--NOMBRE DE PERSONA
Nombre de persona Bergmann, Theodor
9 (RLIN) 24545
245 10 - MENCIÓN DE TÍTULO
Título 50 Jahre KPD (Opposition) 30.12.1928 - 30.12.1978
Resto del título Der beitrag der KPO zur marxistischen theorie und zur Geschichte der deutschen arbeiterbewegung versuch einer kritischen Würdigung
Mención de responsabilidad, etc. Theodor Bergmann
260 ## - PUBLICACIÓN, DISTRIBUCIÓN, ETC.
Lugar de publicación, distribución, etc. Hannover
Nombre del editor, distribuidor, etc. SOAK
Fecha de publicación, distribución, etc. 1978
300 ## - DESCRIPCIÓN FÍSICA
Extensión 131 p.
Otras características físicas il.
Dimensiones 17 p.
440 #0 - MENCIÓN DE SERIE/PUNTO DE ACCESO ADICIONAL--TÍTULO
Título Texte zur Arbeiterbewegung
9 (RLIN) 24546
500 ## - NOTA GENERAL
Nota general Au750
650 14 - PUNTO DE ACCESO ADICIONAL DE MATERIA--TÉRMINO DE MATERIA
Término de materia o nombre geográfico como elemento de entrada Partidos Politicos
Subdivisión general Historia
Subdivisión geográfica Alemania
9 (RLIN) 24547
650 14 - PUNTO DE ACCESO ADICIONAL DE MATERIA--TÉRMINO DE MATERIA
Término de materia o nombre geográfico como elemento de entrada Partidos comunistas
Subdivisión general Historia
Subdivisión geográfica Alemania
9 (RLIN) 24548
650 14 - PUNTO DE ACCESO ADICIONAL DE MATERIA--TÉRMINO DE MATERIA
Término de materia o nombre geográfico como elemento de entrada Comunismo
9 (RLIN) 9202
902 ## - CATALOGADOR
Iniciales GRL
942 ## - ELEMENTOS DE PUNTO DE ACCESO ADICIONAL (KOHA)
Fuente del sistema de clasificación o colocación Library of Congress Classification
Tipo de ítem Koha Libros
Holdings
Estado de retiro Estado de pérdida Estado dañado No para préstamo Localización permanente Ubicación/localización actual Fecha de adquisición Número de inventario Total de préstamos Signatura topográfica completa Código de barras Fecha visto por última vez Precio válido a partir de Tipo de ítem Koha
El ejemplar forma parte de la colección y puede ser consultado según las políticas vigentes.       Biblioteca Centro de Estudios Ruth D. Lechuga Biblioteca Centro de Estudios Ruth D. Lechuga 23/09/2013 Au750   JN3201 .B47 1978 (Au750) GRL00726 22/03/2019 22/03/2019 Libros